000
00291nam a22001217a 4500
003
NUST
005
20231212145322.0
008
140509b xxu||||| |||| 00| 0 eng d
020
_c
Available
082
_a
954.90420924
_b
WOL
245
_a
Jinah of Pakistan
_c
Wolpert, Stanley
942
_2
ddc
_c
BK
999
_c
24205
_d
24205